OXFORD HEAD START ENGLISH (Record no. 216767)

MARC details
000 -LEADER
fixed length control field 00414nam a22001457a 4500
008 - FIXED-LENGTH DATA ELEMENTS--GENERAL INFORMATION
fixed length control field 260303b |||||||| |||| 00| 0 eng d
020 ## - INTERNATIONAL STANDARD BOOK NUMBER
International Standard Book Number 978 9914 44 748 4
050 ## - LIBRARY OF CONGRESS CALL NUMBER
Classification number PE 1128.K56 2025 V.10
100 ## - MAIN ENTRY--PERSONAL NAME
Personal name KIOKO, ANGELINA
245 ## - TITLE STATEMENT
Title OXFORD HEAD START ENGLISH
260 ## - PUBLICATION, DISTRIBUTION, ETC.
Place of publication, distribution, etc. NAIROBI,KENYA
Name of publisher, distributor, etc. OXFORD UNIVERSITY PRESS
Date of publication, distribution, etc. 2025
650 ## - SUBJECT ADDED ENTRY
Topical term or geographic name entry element KAMANTHE EUNICE,AMAYO DAVID
942 ## - ADDED ENTRY ELEMENTS (KOHA)
Source of classification or shelving scheme Library of Congress Classification
Koha item type Long Loan Book
Holdings
Withdrawn status Lost status Source of classification or shelving scheme Damaged status Not for loan Collection Home library Current library Shelving location Date acquired Inventory number Total checkouts Full call number Barcode Date last seen Copy number Price effective from Koha item type
    Library of Congress Classification     Arts & Social Sciences Kisii University Library Kisii University Library On Display 03/03/2026 112345   PE 1128.K56 2025 V.10 A000264 03/03/2026 C.4 03/03/2026 Long Loan Book
    Library of Congress Classification     Arts & Social Sciences Kisii University Library Kisii University Library On Display 03/03/2026 112346   PE 1128.K56 2025 V.10 A000263 03/03/2026 C.5 03/03/2026 Long Loan Book
    Library of Congress Classification     Arts & Social Sciences Kisii University Library Kisii University Library On Display 03/03/2026 112344   PE 1128.K56 2025 V.10 A000262 03/03/2026 C.3 03/03/2026 Long Loan Book
    Library of Congress Classification     Arts & Social Sciences Kisii University Library Kisii University Library On Display 03/03/2026 112343   PE 1128.K56 2025 V.10 A000261 03/03/2026 C.2 03/03/2026 Long Loan Book
    Library of Congress Classification     Arts & Social Sciences Kisii University Library Kisii University Library On Display 03/03/2026 112342   PE 1128.K56 2025 V.10 A000260 03/03/2026 C.1 03/03/2026 Long Loan Book